000 00887nam a2200265 i 4500
003 DO-SdBNP
005 20240305103019.0
007 ta
008 240305s201u dr 000 j spa d
040 _aDO-SdBNP
_bspa
_cBNPHU
_erda
082 _bT253
_222
110 _aTeatro Nacional (República Dominicana)
_959902
245 0 0 _aBallet Nacional de Cuba :
_bAlicia Alonso, Programas /
264 1 _aSanto Domingo :
_bTeatro Nacional,
_bTele- 3
_c[no identificada].
300 _a[12] páginas,
_c19 cm.
336 _2rdacontent
_atexto
_btxt
337 _2rdamedia
_asin mediación
_bn
338 _2rdacarrier
_avolumen
_bnc
500 _aPrograma de los días 25, 26, 28 y 29 de febrero
500 _aIncluye datos biografícos de las bailarinas.
590 _aInventariado, 2024/ YL
710 1 _aInstituto Americano del Libro
_984027
910 _aYLockward
942 _2ddc
_cLF2
999 _c56033
_d56033